000 00451nam a2200181Ia 4500
001 4851
005 20260306145825.0
008 260306t1996||||xx |||||||||||||| ||spa||
041 _aESP
082 _a330.980033
_bN74
100 _aNoejovich Chernoff, Héctor
_eAUT
245 0 _aLos albores de la economía americana
260 _c1996
300 _axxvii, 582 páginas :
_c22 cm.
650 _aGEN
654 _aCAN
942 _cLIB
_dJUS
_fJUS
_2ddc
_n
999 _c4851
_d4851